00462nam a22001692 4500001001100000005001700011008004100028020001700069040001500086100003300101245005900134250001300193260003300206300001500239600003500254852000300289000001297120151217155854.0090514s xx 000 0 eng d a9966951326 : aKABUcKABU1 aMaillu, David G.@000015682110aJulius Nyerere :bfather of ujamaa /cDavid G. Maillu. a1st ed. aNairobi :bSasa Sema,c2005. aix, 81 p.10aNyerere, Julius K.@00001489591